00607nam a22001575i 4500001000700000003000900007005001700016008004100033040002000074100004500094245013200139260004900271300004200320650002500362852006200387153627ES-MaACL20230906205320.0000406s1783 fr a |||| | fre d aEUS bspa cEUS1 aEmerigon, Balthazard-Marie (d1716-1785)10aTraité des assurances et contrats a la grosse / cpar M. Balthazard-Marie Émerigon avocat au parlemente ... ; tome premier. aA Marseille : bChez Jean Mossy ..., c1783. a[8], XVI, 686, [2] p. en bl. ; c4º. 4aSeguros marítimos. aES-MaACLjR-754-55 z-- Enc. pasta x-- Olim: G-928-9